Nuevos paseos arqueologicos /
Guardado en:
| Autor Principal: | |
|---|---|
| Formato: | Libro |
| Publicado: |
Madrid :
Daniel Jorro,
1913
|
| Materias: | |
| Etiquetas: |
Agregar Etiqueta
Sin Etiquetas, Sea el primero en etiquetar este registro!
|
| LEADER | 00484nam a22001695a 4500 | ||
|---|---|---|---|
| 001 | EHU.bham016783 | ||
| 003 | AR-BHAM | ||
| 005 | 20070319164121.0 | ||
| 008 | 130507s1913##################000#0#####d | ||
| 082 | 5 | 7 | |a 571 |
| 100 | 1 | |a Boissier, G. | |
| 245 | 1 | 0 | |a Nuevos paseos arqueologicos / |c G. Boissier |
| 260 | |a Madrid : |b Daniel Jorro, |c 1913 | ||
| 300 | |a 428 p. | ||
| 500 | |a Material Extraviado | ||
| 653 | |a Arqueologia | ||
| 859 | |a AR-BHAM |b BIB. HUMANIDADES - No Disponible |h 571 |i B637-1 |p 539.57 |t Ej.1 |v M | ||
